Historia broni jądrowej - Statystyki

Ogólne statystyki
  • Ten quiz został rozwiązany 17 razy
  • Średni wynik to 13 z 20
Statystyki odpowiedzi
Wskazówka Odpowiedź % Poprawnych
Miasta, które zostały zaatakowane Hiroszima
100%
Jedyne państwo, które zostało zaatakowane bronią jądrową Japonia
100%
Miasta, które zostały zaatakowane Nagasaki
100%
Pierwsze państwo posiadające broń jądrową Stany Zjednoczone
100%
Pierwiastki, z których wykonano materiał rozszczepialny używany w tych bombach Uran
100%
Nazwy zrzuconych bomb Little Boy
94%
Pierwiastki, z których wykonano materiał rozszczepialny używany w tych bombach Pluton
81%
Nazwa amerykańskiego projektu mającego na celu opracowanie broni jądrowej Projekt {Manhattan}
81%
Co oznacza litera A w słowie „A-Bomb” (po angielsku)? Atomic
69%
Chmura pyłu i gruzu unosząca się w wyniku niezwykle dużej eksplozji, np. eksplozji broni jądrowej {Chmura} grzybowa
63%
Najpotężniejsza bomba, jaką kiedykolwiek testowano {Tsar} Bomba
63%
Siła wybuchu tej bomby 50 {megaton}ów
56%
Nazwa samolotu, który zrzucił pierwszą z tych bomb Enola Gay
56%
Nazwy zrzuconych bomb Fat Man
56%
Co oznacza litera H w słowie „H-Bomb” (po angielsku)? Hydrogen
56%
Naukowcy, którzy w 1939 r. napisali list do FDR, ostrzegając go, że Niemcy mogą opracować broń jądrową (podaj nazwę) Leo Szilard /Albert Einstein
50%
Znany cytat z powyższego, z okazji pierwszego udanego testu bomby atomowej Stałem się {Śmiercią}, niszczycielem światów
38%
Naukowiec nazywany „ojcem bomby atomowej” J. Robert Oppenheimer
19%
Czteroliterowy termin oznaczający pocisk zdolny do przenoszenia broni jądrowej na inny kontynent ICBM
6%
Termin oznaczający teczkę, w której znajduje się urządzenie umożliwiające prezydentowi USA autoryzację ataku nuklearnego Nuclear {football}
6%
Nie znaleziono quizów pasujących do podanych kryteriów
Rozkład punktacji
Procent ludzi z każdym wynikiem
Percentyl według liczby udzielonych odpowiedzi
Twoja historia wyników
Nie rozwiązałeś tego quizu